Organic Reactions with Mechanisms/ (Record no. 167017)

MARC details
000 -LEADER
fixed length control field 00578nam a22001697a 4500
010 ## - LCCN (DPL NO)
LC control number ENG-126222
020 ## - INTERNATIONAL STANDARD BOOK NUMBER
International Standard Book Number 978-93-8472-689-8
Terms of availability 1595.00
035 ## - SYSTEM CONTROL NUMBER
System control number EN-109754
037 ## - SOURCE OF ACQUISITION
Source of stock number/acquisition DBAD/PUB
082 ## - DEWEY DECIMAL CLASSIFICATION NUMBER
Classification number 547.2
100 ## - MAIN ENTRY--PERSONAL NAME
Personal name Bhutani,S.P.
245 ## - TITLE STATEMENT
Title Organic Reactions with Mechanisms/
Statement of responsibility, etc by S.P.Bhutani
260 ## - PUBLICATION, DISTRIBUTION, ETC. (IMPRINT)
Place of publication, distribution, etc New Delhi
Name of publisher, distributor, etc Ane Books Pvt.Ltd.
Date of publication, distribution, etc 2017
270 ## - ADDRESS
Address 4821,Parwana Bhawan 1st Floor 24 Ansari Road, Darya Ganj
City New Delhi
Postal code 110002
Telephone number +91(011)23276843,2814209
Electronic mail address anebookschennai.com
300 ## - PHYSICAL DESCRIPTION
Extent v356p.
Other physical details 24cm(hb)
942 ## - ADDED ENTRY ELEMENTS (KOHA)
Source of classification or shelving scheme Dewey Decimal Classification
Item type English Books
Classification part 547.2
Call number suffix BHU
Holdings
Withdrawn status Lost status Not for loan Collection code Home library Current library Date acquired Source of acquisition Cost, normal purchase price Full call number Barcode Copy number Cost, replacement price Koha item type
      Non-fiction Ashok Vihar Ashok Vihar 20/08/2019 DBAD/PUB 495.00 547.2 BHU EN-109754 1 495.00 English Books

© Delhi Public Library
Hit Counter
free hit counter